000 00629nam a2200205Ii 4500
003 JO-AjNU
008 230605s9999||||xx |||||||||||||| ||und||
040 _aJO-AjNU
_bara
_erda
_cJO-AjNU
041 _aara
050 1 4 _aDS37.8.A426 1988
100 3 _aعمارة، محمد,
_eauthor
_917467
245 0 0 _aمعارك العرب ضد الغزاة
250 _aط2
264 3 1 _aدمشق: دار قتيبة، 1988
300 _a189ص
336 _atext
_btxt
_2rdacontent
337 _aunmediated
_bn
_2rdamedia
338 _avolume
_bnc
_2rdacarrier
650 4 _aعرب- تاريخ، معارك- بلاد اسلامية
_917468
999 _aA5400
_c8968
_d8968